| 000 | 01074 a2200253 4500 | ||
|---|---|---|---|
| 999 |
_c200002662 _d10967 |
||
| 001 | 200002662 | ||
| 003 | TR-AnTOB | ||
| 005 | 20240117151438.0 | ||
| 008 | 111030s2006 tu 000 0 | ||
| 040 |
_aTR-AnTOB _cTR-AnTOB _beng _erda |
||
| 041 | _atur | ||
| 050 |
_aHD7269 _b.S45 T9 2006 |
||
| 090 | _aHD7269 .S45 T9 2006 TOBBK | ||
| 110 |
_aTürkiye. _bÇalışma ve Sosyal Güvenlik Bakanlığı. _bİş Teftiş Kurulu Başkanlığı _944333 |
||
| 245 | 0 |
_aAyakkabı, saya, saraciye ve deri konfeksiyon imalatı yapılan işyerlerinde iş sağlığı ve güvenliği proje denetimi değerlendirme raporu / _cÇalışma ve Sosyal Güvenlik Bakanlığı. |
|
| 264 | 1 |
_aAnkara: _bÇalışma ve Sosyal Güvenlik Bakanlığı İş Teftiş Kurulu Başkanlığı, _c2006. |
|
| 300 |
_a72 p.: _bill. ,grf. and tabl. |
||
| 650 | 0 | 0 |
_aAyakkabı endüstrisi _zTürkiye _931934 |
| 650 | 0 | 7 |
_aDeri endüstrisi ve ticareti _zTürkiye _2etuturkob _931933 |
| 650 | 0 | 0 |
_aEndüstriyel hijyen _zTürkiye _9103960 |
| 650 | 0 | 0 |
_aEndüstriyel güvenlik _zTürkiye _945407 |
| 942 |
_cBK _2lcc |
||